Champions League of Legends A - Z - Statistiques

Statistiques générales
  • Ce quiz a été pris 12 fois
    5 depuis la dernière actualisation
  • Le résultat moyen est 23 sur 26
Statistiques - réponses
Lettre Champion % Correct
A Aatrox | Ahri | Akali | Akshan | Alistar | Amumu | Anivia | Annie | Aphelios | Ashe | Aurelion Sol | Azir | Ambessa
100%
C Caitlyn | Camille | Cassiopeia | Cho'Gath | Corki
100%
G Galio | Gangplank | Garen | Gnar | Gragas | Graves | Gwen
100%
I Illaoi | Irelia | Ivern
100%
J Janna | Jarvan IV | Jax | Jayce | Jhin | Jinx
100%
K K'Sante | Kai'Sa | Kalista | Karma | Karthus | Kassadin | Katarina | Kayle | Kayn | Kennen | Kha'Zix | Kindred | Kled | Kog'Maw
100%
L LeBlanc | Lee Sin | Leona | Lillia | Lissandra | Lucian | Lulu | Lux
100%
M Malphite | Malzahar | Maokai | Maître Yi | Mel | Milio | Miss Fortune | Mordekaiser | Morgana
100%
N Naafiri | Nami | Nasus | Nautilus | Neeko | Nidalee | Nilah | Nocturne | Nunu et Willump
100%
Q Qiyana | Quinn
100%
S Samira | Sejuani | Senna | Seraphine | Sett | Shaco | Shen | Shyvana | Singed | Sion | Sivir | Skarner | Sona | Soraka | Swain | Sylas | Syndra
100%
V Varus | Vayne | Veigar | Vel'Koz | Vex | Vi | Viego | Viktor | Vladimir | Volibear
100%
X Xayah | Xerath | Xin Zhao
100%
Z Zac | Zaahen | Zed | Zeri | Ziggs | Zilean | Zoe | Zyra
100%
B Bard | Bel'Veth | Blitzcrank | Brand | Braum | Briar
75%
D Darius | Diana | Dr. Mundo | Draven
75%
E Ekko | Elise | Evelynn | Ezreal
75%
F Fiddlesticks | Fiora | Fizz
75%
O Olaf | Orianna | Ornn
75%
P Pantheon | Poppy | Pyke
75%
R Rakan | Rammus | Rek'Sai | Rell | Renata Glasc | Renekton | Rengar | Riven | Rumble | Ryze
75%
T Tahm Kench | Taliyah | Talon | Taric | Teemo | Thresh | Tristana | Trundle | Tryndamere | Twisted Fate | Twitch
75%
U Udyr | Urgot
75%
W Warwick | Wukong
75%
Y Yasuo | Yone | Yorick | Yunara | Yuumi
75%
H Hecarim | Heimerdinger | Hwei
50%
Aucun quiz correspondant
Distribution des résultats
% des personnes avec chaque résultat
Percentile par nombre de réponses
Votre historique - résultats
Vous n’avez pas pris ce quiz depuis la dernière actualisation